Statistics for Top 30 Highest Lifetime Grossing Movies Ever

Click here to take the quiz!

General Stats

  • This quiz has been taken 17 times
    (13 since last reset)
  • The average score is 8 of 30

Answer Stats

HintAnswer% Correct
2Avatar
92%
3Titanic
92%
8The Avengers
85%
1Avengers: Endgame
46%
5Avengers: Infinity War
38%
19Iron Man 3
38%
22Aquaman
31%
10Avengers: Age of Ultron
31%
11Black Panther
31%
24Captain Marvel
31%
15Frozen
31%
6Jurassic World
31%
4Star Wars: The Force Awakens
31%
13Star Wars The Last Jedi
31%
29The Dark Knight Rises
31%
21Captain America: Civil War
23%
23Spider-Man Far: From Home
23%
7The Lion King
23%
30Toy Story 4
23%
14Jurassic World: Fallen Kingdom
15%
27Skyfall
15%
17Incredibles 2
8%
20Minions
8%
16Beauty and the Beast
0%
9Furious Seven
0%
12Harry Potter and the Deathly Hallows Part Two
0%
18The Fate of the Furious
0%
26The Lord of the Rings: Return of the King
0%
28Transformers: Age of Extinction
0%
25Transformers: Dark of the Moon
0%

Score Distribution

Percentile by Number Answered

Percent of People with Each Score

Your Score History

You have not taken this quiz since the last reset